[Event "Bad Woerishofen op"]
[Site "?"]
[Date "2003.??.??"]
[Round "6"]
[White "Gerstner, Bernhard"]
[Black "Kugelmann, Werner"]
[Result "1/2-1/2"]
[WhiteElo "2076"]
[BlackElo "2165"]
[Annotator "ChessOrg"]
[PlyCount "69"]

1. d4 Nf6 2. c4 g6 3. Nc3 Bg7 4. Nf3 d6 5. Bg5 h6 6. Bh4 O-O 7. e3 Na6 8. Be2
c5 9. O-O b6 10. h3 Bb7 11. d5 Nc7 12. e4 a6 13. Qc2 Nh5 14. Ne1 Nf4 15. Bf3 g5
16. Bg3 Ng6 17. Rd1 b5 18. b3 Bc8 19. Nd3 Rb8 20. Rfe1 bxc4 21. bxc4 Ne5 22.
Bxe5 Bxe5 23. Nxe5 dxe5 24. Na4 Qd6 25. Qc3 Bd7 26. Nb2 f6 27. Nd3 Na8 28. Bg4
Nb6 29. Rb1 Kg7 30. Rec1 Kg6 31. Qa5 Bxg4 32. hxg4 Nxc4 33. Qxc5 Rbc8 34. Qxd6
exd6 35. f3 1/2-1/2

[Event "Bad Woerishofen op"]
[Site "?"]
[Date "2003.??.??"]
[Round "6"]
[White "Einwiller, Dieter"]
[Black "Emami, Madjid"]
[Result "1/2-1/2"]
[WhiteElo "2153"]
[BlackElo "2018"]
[Annotator "ChessOrg"]
[PlyCount "107"]

1. c4 d6 2. Nc3 g6 3. g3 Bg7 4. Bg2 e5 5. e4 Nf6 6. Nge2 O-O 7. O-O c6 8. d3 a6
9. a4 a5 10. h3 Na6 11. Be3 Nc5 12. f4 exf4 13. gxf4 Qe7 14. Qc2 Nh5 15. Rf3 f5
16. Ng3 Nxg3 17. Rxg3 Qh4 18. Ne2 Ne6 19. Rf1 Nd4 20. Bxd4 Bxd4+ 21. Kh2 Bg7
22. c5 dxc5 23. e5 Qe7 24. Rc1 Be6 25. Qxc5 Qxc5 26. Rxc5 Rfd8 27. d4 Bf8 28.
Rc1 Ra6 29. d5 Bxd5 30. Rd3 Rb6 31. Rd2 Be7 32. Rcd1 Kf7 33. Nc3 Bxg2 34. Rxd8
Bxd8 35. Rxd8 Ke7 36. Rh8 Rxb2 37. Rxh7+ Ke6 38. Kg3 Bf1 39. Rg7 Rb3 40. Rxg6+
Ke7 41. Kf2 Bxh3 42. Nd1 Ra3 43. Rg7+ Ke6 44. Rxb7 Rxa4 45. Kg3 Bf1 46. Rh7 Bb5
47. Rh6+ Ke7 48. Ne3 Ra3 49. Kf2 Ra2+ 50. Kg3 Ra3 51. Kf2 Ra2+ 52. Kg1 Ra1+ 53.
Kf2 Ra2+ 54. Kg3 1/2-1/2

[Event "Bad Woerishofen op"]
[Site "?"]
[Date "2003.??.??"]
[Round "6"]
[White "Kuempers, Ulrich"]
[Black "Woerl, Richard"]
[Result "0-1"]
[WhiteElo "2147"]
[BlackElo "2087"]
[Annotator "ChessOrg"]
[PlyCount "110"]

1. d4 d5 2. c4 e6 3. Nc3 Nf6 4. Bg5 Be7 5. e3 c6 6. Nf3 Ne4 7. Bxe7 Qxe7 8. Rc1
O-O 9. Qc2 f5 10. Bd3 Nd7 11. O-O Qf6 12. b4 a6 13. a4 Qh6 14. b5 axb5 15. axb5
Ndf6 16. bxc6 bxc6 17. Ne5 Ba6 18. Nxc6 Bxc4 19. Bxc4 dxc4 20. Nxe4 Nxe4 21.
Rfe1 Nd6 22. f3 Ra3 23. e4 fxe4 24. fxe4 Re3 25. Rf1 g6 26. Rxf8+ Qxf8 27. e5
Ne4 28. Rf1 Qe8 29. Qa4 Nd2 30. Ra1 Qf8 31. h3 Re2 32. Qa8 Re1+ 33. Kh2 Nf1+
34. Kg1 Ne3+ 35. Kh2 Rxa1 36. Qxa1 Qf2 37. Qa8+ Kg7 38. Nd8 Nf1+ 39. Kh1 Ng3+
40. Kh2 Nf1+ 41. Kh1 c3 42. Nxe6+ Kh6 43. Qb7 Ng3+ 44. Kh2 Nf5 45. Qf7 Qg3+ 46.
Kg1 c2 47. Qf8+ Kh5 48. Qc8 Ne3 49. Ng7+ Kh6 50. Nf5+ gxf5 51. Qf8+ Kg5 52.
Qg7+ Kf4 53. Qh6+ Ke4 54. Qc6+ Kd3 55. Qb5+ Kd2 0-1

[Event "Bad Woerishofen op"]
[Site "?"]
[Date "2003.??.??"]
[Round "6"]
[White "Schuster, Gerhard"]
[Black "Eschle, Hubert"]
[Result "0-1"]
[WhiteElo "2151"]
[BlackElo "1969"]
[Annotator "ChessOrg"]
[PlyCount "62"]

1. e4 e5 2. Nf3 Nc6 3. Bb5 a6 4. Ba4 Nf6 5. O-O b5 6. Bb3 Be7 7. Re1 O-O 8. a4
b4 9. d4 d6 10. h3 exd4 11. Nxd4 Na5 12. c3 c5 13. cxb4 Nxb3 14. Nc6 Nxa1 15.
Nxd8 Rxd8 16. b3 Be6 17. Nd2 Rab8 18. Ba3 cxb4 19. Bb2 Nxb3 20. Nxb3 d5 21. e5
Ne4 22. Nd4 Rdc8 23. Nxe6 fxe6 24. Qg4 Rc6 25. Rc1 Rbc8 26. Rxc6 Rxc6 27. Bd4
a5 28. f4 b3 29. f5 exf5 30. Qxf5 Rc1+ 31. Kh2 Rh1+ 0-1

[Event "Bad Woerishofen op"]
[Site "?"]
[Date "2003.??.??"]
[Round "6"]
[White "Ragsch, Klaus"]
[Black "Hanisch, Pavel"]
[Result "0-1"]
[WhiteElo "1890"]
[BlackElo "2144"]
[Annotator "ChessOrg"]
[PlyCount "106"]

1. e4 c5 2. Nf3 d6 3. d4 cxd4 4. Nxd4 Nf6 5. Nc3 g6 6. Be2 Bg7 7. Be3 O-O 8.
O-O Nc6 9. h3 a6 10. Qd2 Nxd4 11. Bxd4 b5 12. a3 Bb7 13. Bf3 e5 14. Be3 Rc8 15.
Rad1 Rc6 16. Bg5 Qa8 17. Nd5 Nxd5 18. exd5 Rc7 19. c3 f5 20. Be3 Rcf7 21. Be2
Qd8 22. Bg5 Qd7 23. Bh6 Bc8 24. Bxg7 Rxg7 25. c4 bxc4 26. Rc1 f4 27. f3 Qa7+
28. Kh2 Rc7 29. Rxc4 Rxc4 30. Bxc4 Bf5 31. Qf2 Qb7 32. b3 a5 33. a4 g5 34. Qd2
Qc7 35. Rc1 Rc8 36. Re1 Qc5 37. Qe2 Qb4 38. Rc1 Kg7 39. Qe1 Qxe1 40. Rxe1 Kf6
41. Kg1 h5 42. Kf2 g4 43. hxg4 hxg4 44. fxg4 Bxg4 45. Rh1 e4 46. Rh6+ Ke5 47.
Rg6 e3+ 48. Kf1 Bf5 49. Rg7 Be4 50. Ke2 Rh8 51. b4 Kd4 52. Rc7 Bxg2 53. bxa5
f3+ 0-1

[Event "Bad Woerishofen op"]
[Site "?"]
[Date "2003.??.??"]
[Round "6"]
[White "Grosser, Walter"]
[Black "Werner, Clemens"]
[Result "1/2-1/2"]
[WhiteElo "2096"]
[BlackElo "2334"]
[Annotator "ChessOrg"]
[PlyCount "136"]

1. d4 d6 2. Nf3 Nf6 3. g3 g6 4. Bg2 Bg7 5. O-O O-O 6. Bg5 Nbd7 7. Bxf6 Bxf6 8.
c3 c5 9. e3 Rb8 10. Nbd2 Qc7 11. Ne4 Bg7 12. dxc5 Nxc5 13. Nxc5 Qxc5 14. Nd4
Bd7 15. Rc1 b5 16. a3 Rbc8 17. Qd2 Rfd8 18. h4 a5 19. Kh2 a4 20. Rfd1 Bg4 21.
Bf3 Bxf3 22. Nxf3 d5 23. Ne1 Qb6 24. Qe2 Rc4 25. Nf3 Qc7 26. Rc2 e6 27. Nd4 Rb8
28. Rcd2 Qb6 29. Kg2 Qb7 30. Kh2 Bf6 31. Qf3 Bg7 32. Qe2 Re8 33. Qf1 Bf6 34.
Qe2 h5 35. Qf3 Kg7 36. Qe2 Rb8 37. Qf3 Rd8 38. Qe2 Rb8 39. Qf3 Qe7 40. Kg2 Qb7
41. Kh2 Rbc8 42. Qe2 Be7 43. Nf3 Qb8 44. Kg2 Qc7 45. Rd4 Bf6 46. R4d2 Qb8 47.
Nd4 Qb7 48. Kh2 Be5 49. Nf3 Bb8 50. Rd4 Ba7 51. R4d2 Qb8 52. Kg2 Bc5 53. Nd4
Qb7 54. Kh2 Kg8 55. Nf3 Qc7 56. Nd4 Qb7 57. Nf3 Qc7 58. Nd4 Rb8 59. Kg2 Bf8 60.
Nf3 Bg7 61. Nd4 Qc5 62. Nf3 f5 63. Nd4 Kf7 64. f4 Bf6 65. Nf3 Re4 66. Rd3 Qc6
67. Nd2 Rc4 68. Kh2 Rc5 1/2-1/2

[Event "Bad Woerishofen op"]
[Site "?"]
[Date "2003.??.??"]
[Round "6"]
[White "Vonach, Bernhard"]
[Black "Minnebo, Alain"]
[Result "0-1"]
[WhiteElo "2050"]
[BlackElo "2262"]
[Annotator "ChessOrg"]
[PlyCount "86"]

1. e4 c5 2. Nf3 d6 3. g3 Nc6 4. Bg2 g6 5. c3 Bg7 6. O-O Bg4 7. h3 Bxf3 8. Bxf3
e6 9. d3 Nge7 10. Be3 O-O 11. d4 cxd4 12. cxd4 d5 13. exd5 Nxd5 14. Nc3 Nxe3
15. fxe3 Qg5 16. Qe1 Bh6 17. Nd1 Rac8 18. Kh2 Rfd8 19. Qf2 Nb4 20. Be4 f5 21.
Bb1 Rc1 22. Qd2 Rc4 23. Qe2 Rdc8 24. h4 Qh5 25. Qxh5 gxh5 26. e4 Rc1 27. exf5
Nc2 28. Bxc2 R8xc2+ 29. Nf2 Rxa1 30. Rxa1 Rxf2+ 31. Kg1 Rxf5 32. Re1 Kf7 33.
Re2 Bg7 34. Rd2 Rd5 35. Kg2 Rxd4 36. Rc2 Be5 37. Re2 Bd6 38. b3 Rd3 39. Rf2+
Ke7 40. Rc2 Rxg3+ 41. Kf2 Rh3 42. Rc8 Rxh4 43. Rh8 Rf4+ 0-1

[Event "Bad Woerishofen op"]
[Site "?"]
[Date "2003.??.??"]
[Round "6"]
[White "Weiland, Guenther"]
[Black "Walton, Alan"]
[Result "1/2-1/2"]
[WhiteElo "2007"]
[BlackElo "2144"]
[Annotator "ChessOrg"]
[PlyCount "100"]

1. Nf3 f5 2. d4 Nf6 3. g3 e6 4. Bg2 Be7 5. O-O O-O 6. c4 d6 7. Nc3 Ne4 8. Qc2
Nxc3 9. Qxc3 Bf6 10. Qc2 e5 11. e3 Nc6 12. d5 Ne7 13. Rd1 Qe8 14. b4 Qh5 15.
Bb2 f4 16. e4 Bh3 17. Rd3 Bxg2 18. Kxg2 g5 19. h3 g4 20. hxg4 Qxg4 21. Nh2 Qg7
22. Kh1 Bg5 23. Rg1 Ng6 24. Qe2 fxg3 25. fxg3 Qh6 26. Kg2 Rf7 27. Ng4 Qg7 28.
Rf1 Rxf1 29. Qxf1 h5 30. Ne3 Nh4+ 31. Kh1 Rf8 32. Qe2 Qg6 33. Ng2 Nxg2 34. Kxg2
Bh6 35. Kh2 Qg5 36. Bc3 Qc1 37. Rf3 Rxf3 38. Qxf3 Be3 39. Qxh5 Qg1+ 40. Kh3
Qh1+ 41. Kg4 Qxe4+ 42. Kh3 Qh1+ 43. Kg4 Qd1+ 44. Kh4 Qh1+ 45. Kg4 Qe4+ 46. Kh3
Kf8 47. Qh8+ Kf7 48. Qh5+ Kf6 49. Qh8+ Kf7 50. Qh5+ Kf6 1/2-1/2

[Event "Bad Woerishofen op"]
[Site "?"]
[Date "2003.??.??"]
[Round "6"]
[White "Vossenkuhl, Joachim"]
[Black "Stierle, Martin"]
[Result "1-0"]
[WhiteElo "2166"]
[BlackElo "2088"]
[Annotator "ChessOrg"]
[PlyCount "73"]

1. Nf3 Nf6 2. c4 c5 3. Nc3 g6 4. e4 d6 5. d4 cxd4 6. Nxd4 Bg7 7. Be2 O-O 8. Be3
Nc6 9. O-O Bd7 10. Qd2 a6 11. f3 Nxd4 12. Bxd4 Rb8 13. a4 Be6 14. a5 Nd7 15.
Be3 Nc5 16. Ra3 f5 17. b4 Nd7 18. exf5 Bxf5 19. Nd5 Nf6 20. Nb6 Be6 21. Rd1 Nd7
22. Nd5 Nf6 23. Bb6 Qd7 24. Ba7 Rbd8 25. Nb6 Qc6 26. Nd5 Qd7 27. b5 Bxd5 28.
cxd5 axb5 29. Qb4 Nh5 30. Bxb5 Qf5 31. Bd3 Qg5 32. Bf1 Be5 33. Be3 Bf4 34. Bf2
Bc1 35. Rb3 Nf4 36. Kh1 Nxd5 37. Qc4 1-0

[Event "Bad Woerishofen op"]
[Site "?"]
[Date "2003.??.??"]
[Round "6"]
[White "Hajenius, Willem"]
[Black "Galje, Hans"]
[Result "1-0"]
[WhiteElo "2017"]
[BlackElo "2148"]
[Annotator "ChessOrg"]
[PlyCount "55"]

1. d4 Nf6 2. c4 e6 3. Nc3 c5 4. d5 exd5 5. cxd5 d6 6. e4 g6 7. f4 Bg7 8. Nf3
O-O 9. Be2 Na6 10. O-O Nc7 11. e5 dxe5 12. d6 Ne6 13. fxe5 Nd7 14. Nd5 Nxe5 15.
Ne7+ Kh8 16. Nxe5 Bxe5 17. Bh6 Bg7 18. Bxg7+ Kxg7 19. Qd5 Bd7 20. Bc4 b5 21.
Qf3 f6 22. Bd3 Qb6 23. Bxg6 hxg6 24. Qg4 g5 25. Qf5 Be8 26. Qxe6 Rd8 27. Rxf6
Rxf6 28. Qg8+ 1-0

[Event "Bad Woerishofen op"]
[Site "?"]
[Date "2003.??.??"]
[Round "6"]
[White "Neubauer, Ralf"]
[Black "Mueller, Manfred"]
[Result "1/2-1/2"]
[WhiteElo "2056"]
[BlackElo "2153"]
[Annotator "ChessOrg"]
[PlyCount "139"]

1. d4 d5 2. Bf4 Nf6 3. Nf3 e6 4. e3 c6 5. c3 Bd6 6. Ne5 Bxe5 7. Bxe5 Nbd7 8.
Bf4 Qe7 9. Nd2 e5 10. dxe5 Nxe5 11. Bxe5 Qxe5 12. Nf3 Qe7 13. Be2 O-O 14. O-O
Re8 15. h3 Bf5 16. Nh4 Be4 17. Nf3 Rad8 18. Bd3 Rd6 19. Qe2 Nd7 20. Rfd1 Rg6
21. Bxe4 dxe4 22. Ne1 Ne5 23. Kh1 h6 24. Rd4 Qh4 25. Rad1 Rf6 26. f4 exf3 27.
Nxf3 Qg3 28. Nxe5 Qxe5 29. Rd8 Rfe6 30. Rxe8+ Rxe8 31. Rd3 Qe6 32. b3 g6 33. c4
a5 34. Kg1 a4 35. Qf3 Kg7 36. Qf4 axb3 37. axb3 Ra8 38. Qd4+ Kh7 39. Kh2 Qf5
40. Rd2 h5 41. e4 Qf4+ 42. g3 Qc7 43. e5 Re8 44. Re2 Re6 45. Re4 Qe7 46. g4
hxg4 47. hxg4 Kg7 48. Kg2 Qg5 49. Kf3 Qc1 50. Qe3 Qa1 51. Kg3 Kg8 52. g5 Qb1
53. Kf3 Qf1+ 54. Kg3 Re8 55. e6 f5 56. gxf6 Qxf6 57. Qf4 Kg7 58. Qe3 Re7 59.
Kg4 Qf5+ 60. Kg3 Kg8 61. Qf4 Kg7 62. Qxf5 gxf5 63. Re5 Kf6 64. Kf4 Rh7 65. e7
Rxe7 66. Rxe7 Kxe7 67. Kxf5 Kd6 68. b4 b6 69. Ke4 Ke6 70. Kf4 1/2-1/2

[Event "Bad Woerishofen op"]
[Site "?"]
[Date "2003.??.??"]
[Round "6"]
[White "Pohlers, Juergen"]
[Black "Pimmingstorfer, Christian"]
[Result "1/2-1/2"]
[WhiteElo "2144"]
[BlackElo "2050"]
[Annotator "ChessOrg"]
[PlyCount "73"]

1. d4 d5 2. c4 dxc4 3. e4 Nc6 4. Be3 Nf6 5. e5 Nd5 6. Bxc4 Nb6 7. Bd3 Be6 8.
Nf3 Bd5 9. Nc3 e6 10. O-O Be7 11. Nxd5 Qxd5 12. a3 f6 13. Rc1 Rd8 14. Qc2 f5
15. Rfd1 O-O 16. b4 Rc8 17. Ne1 g6 18. Be2 Qd7 19. Nd3 Rfd8 20. Nc5 Bxc5 21.
dxc5 Nd5 22. Bg5 Rf8 23. f4 Nce7 24. Bf3 c6 25. h4 Qc7 26. Qf2 Kg7 27. h5 h6
28. Bxe7 Qxe7 29. Bxd5 exd5 30. hxg6 Kxg6 31. Rc3 Kh7 32. Qc2 Qe6 33. Rg3 Rg8
34. Rdd3 Rg6 35. Rxg6 Qxg6 36. Re3 Re8 37. Qe2 1/2-1/2

[Event "Bad Woerishofen op"]
[Site "?"]
[Date "2003.??.??"]
[Round "6"]
[White "Boettcher, Ulrich"]
[Black "Bischoff, Dieter"]
[Result "1-0"]
[WhiteElo "2023"]
[BlackElo "2212"]
[Annotator "ChessOrg"]
[PlyCount "60"]

1. e4 c5 2. b4 cxb4 3. a3 d5 4. exd5 Qxd5 5. Nf3 e6 6. axb4 Bxb4 7. Na3 Nc6 8.
Nb5 Qd8 9. c3 Be7 10. d4 Nf6 11. Bf4 O-O 12. Bd3 Nd5 13. Bg3 b6 14. Bc2 Bb7 15.
h4 a6 16. Na3 g6 17. Nb1 Bd6 18. Bxd6 Qxd6 19. h5 Rac8 20. Ng5 Nf6 21. hxg6
hxg6 22. Qd2 Rc7 23. Nf3 Nh7 24. Qh6 f5 25. Ng5 Nxg5 26. Qxg5 Rg7 27. Rh6 Qe7
28. Qe3 Rf6 29. Bb3 Kf7 30. Qg5 Kg8 1-0

[Event "Bad Woerishofen op"]
[Site "?"]
[Date "2003.??.??"]
[Round "6"]
[White "Schellmann, Frank"]
[Black "Ross, Matthias"]
[Result "0-1"]
[WhiteElo "2115"]
[BlackElo "1796"]
[Annotator "ChessOrg"]
[PlyCount "46"]

1. e4 c5 2. Nf3 Nc6 3. c3 d5 4. exd5 Qxd5 5. d4 Bg4 6. Be2 cxd4 7. cxd4 e6 8.
h3 Bh5 9. Nc3 Qa5 10. O-O Nf6 11. Be3 Bb4 12. Qb3 O-O 13. a3 Bxc3 14. bxc3 Ne4
15. Rfc1 Rac8 16. c4 b6 17. d5 exd5 18. cxd5 Ne7 19. d6 Nxd6 20. Rd1 Ne4 21.
Rd7 Nc6 22. Rd5 Qc3 23. Qa4 Qxa1+ 0-1

[Event "Bad Woerishofen op"]
[Site "?"]
[Date "2003.??.??"]
[Round "6"]
[White "Schulz, Gert"]
[Black "Wirfs, Joachim"]
[Result "1-0"]
[WhiteElo "2103"]
[BlackElo "1727"]
[Annotator "ChessOrg"]
[PlyCount "80"]

1. d4 Nf6 2. Bg5 Ne4 3. Bf4 c5 4. d5 d6 5. f3 Qa5+ 6. Nd2 Nf6 7. e4 Nbd7 8. c3
g6 9. Nc4 Qc7 10. a4 Bg7 11. Qd2 Nb6 12. Bh6 O-O 13. h4 Nh5 14. Bxg7 Kxg7 15.
Kf2 f5 16. exf5 Bxf5 17. Ne3 Qd8 18. a5 Nxd5 19. Nxd5 Rf7 20. Re1 Qd7 21. Bd3
Be6 22. Be4 Raf8 23. Nh3 Bxh3 24. Rxh3 e6 25. Ne3 d5 26. Bb1 Nf4 27. Rg3 Qc7
28. Ng4 Qxa5 29. Ne5 Re7 30. Rg4 Nh5 31. Nxg6 Nf6 32. Nxf8+ Nxg4+ 33. fxg4 Kxf8
34. Qh6+ Ke8 35. Rxe6 Qc7 36. Bf5 d4 37. cxd4 cxd4 38. Rxe7+ Qxe7 39. Qe6 Qxe6
40. Bxe6 Ke7 1-0

[Event "Bad Woerishofen op"]
[Site "?"]
[Date "2003.??.??"]
[Round "6"]
[White "Lindenmair, Anton"]
[Black "Roesner, Harald"]
[Result "0-1"]
[WhiteElo "2132"]
[BlackElo "2000"]
[Annotator "ChessOrg"]
[PlyCount "42"]

1. d4 Nf6 2. c4 g6 3. Nc3 d5 4. Nf3 Bg7 5. Bg5 Ne4 6. Bh4 Nxc3 7. bxc3 c5 8.
cxd5 Qxd5 9. e3 cxd4 10. cxd4 Nc6 11. Be2 e5 12. dxe5 Qa5+ 13. Qd2 Qxd2+ 14.
Kxd2 Nxe5 15. Rac1 O-O 16. Rc5 Nxf3+ 17. Bxf3 Be6 18. a3 Rac8 19. Rxc8 Rxc8 20.
Bxb7 Rb8 21. Rb1 Bd5 0-1

[Event "Bad Woerishofen op"]
[Site "?"]
[Date "2003.??.??"]
[Round "6"]
[White "Schlierf, Andre"]
[Black "Wagner, Franz"]
[Result "0-1"]
[WhiteElo "2107"]
[BlackElo "1806"]
[Annotator "ChessOrg"]
[PlyCount "64"]

1. c4 Nf6 2. Nc3 e6 3. e4 c5 4. f4 d6 5. Nf3 Nc6 6. g3 Be7 7. Bg2 O-O 8. O-O
Ne8 9. d3 b6 10. g4 Bb7 11. Be3 g6 12. g5 Ng7 13. d4 cxd4 14. Nxd4 Nxd4 15.
Bxd4 e5 16. fxe5 dxe5 17. Bxe5 Bc5+ 18. Kh1 Qxg5 19. Bf6 Qh6 20. Rf3 Nh5 21.
Nd5 Nxf6 22. Nxf6+ Kg7 23. Qe2 Rad8 24. Raf1 Bc8 25. e5 Rd2 26. Qe4 Rfd8 27.
Qc6 Be6 28. Ne8+ Kh8 29. Rxf7 Rxg2 30. Rf8+ Bxf8 31. Kxg2 Rd2+ 32. Rf2 Qh3+ 0-1

[Event "Bad Woerishofen op"]
[Site "?"]
[Date "2003.??.??"]
[Round "6"]
[White "Bienhuels, Franz-Josef"]
[Black "Engl, Heinz"]
[Result "0-1"]
[WhiteElo "1927"]
[BlackElo "2125"]
[Annotator "ChessOrg"]
[PlyCount "98"]

1. Nf3 d5 2. d4 e6 3. c4 c5 4. g3 Nc6 5. Bg2 Nf6 6. O-O Be7 7. cxd5 exd5 8. Nc3
O-O 9. dxc5 Bxc5 10. Bg5 d4 11. Bxf6 Qxf6 12. Nd5 Qd8 13. Nd2 Re8 14. Re1 Bg4
15. Nf4 Bb6 16. Nd3 Qd7 17. Rc1 Re7 18. a3 Rae8 19. Nf3 h5 20. Rc2 a5 21. Rd2
Nd8 22. b4 Ne6 23. Nfe5 Qd8 24. Nf3 Rc7 25. Nb2 Qf6 26. Na4 Ba7 27. b5 Rd7 28.
b6 Bb8 29. Qb1 Red8 30. Red1 d3 31. Rxd3 Bf5 32. Rxd7 Bxb1 33. Rxd8+ Nxd8 34.
Rxb1 Bd6 35. Nb2 Bxa3 36. Nc4 Bb4 37. Nfe5 Bc3 38. f4 Qe6 39. Rd1 Bxe5 40.
Rxd8+ Kh7 41. Rd5 Bc3 42. Bf3 a4 43. Kf1 g6 44. Kg2 Bb4 45. Na5 Qxb6 46. Nxb7
a3 47. Rd1 Qa6 48. Ra1 Qc4 49. Na5 Qc3 0-1

[Event "Bad Woerishofen op"]
[Site "?"]
[Date "2003.??.??"]
[Round "6"]
[White "Fries, Werner"]
[Black "Willin, Bernhard"]
[Result "1-0"]
[WhiteElo "1612"]
[BlackElo "2005"]
[Annotator "ChessOrg"]
[PlyCount "41"]

1. e4 c5 2. Nf3 Nf6 3. e5 Nd5 4. Bc4 Nc7 5. Bxf7+ Kxf7 6. Ng5+ Kg6 7. Qf3 Qe8
8. h4 h5 9. Qe4+ Kh6 10. d3 Qg6 11. Nf7+ Kh7 12. Qxg6+ Kxg6 13. Nxh8+ Kf5 14.
Bg5 g6 15. Nd2 Nc6 16. Nc4 Bg7 17. Ne3+ Kxe5 18. Nxg6+ Ke6 19. O-O-O d5 20.
Nf4+ Kd6 21. Nxh5 1-0

[Event "Bad Woerishofen op"]
[Site "?"]
[Date "2003.??.??"]
[Round "6"]
[White "Mathes, Christian"]
[Black "Wiessner, Johann"]
[Result "1-0"]
[WhiteElo "1317"]
[BlackElo "1586"]
[Annotator "ChessOrg"]
[PlyCount "120"]

1. d4 d5 2. c4 c6 3. Nf3 Nf6 4. Nc3 e6 5. e3 Nbd7 6. Bd3 Be7 7. O-O O-O 8. Bd2
dxc4 9. Bxc4 b5 10. Bd3 Bb7 11. Rc1 a6 12. Qe2 c5 13. b3 cxd4 14. exd4 Nb6 15.
Be3 Nbd5 16. Ne5 Nxc3 17. Rxc3 Ne4 18. Rc2 Bd6 19. Rd1 Bb4 20. Bxe4 Bxe4 21.
Rcc1 Bd6 22. Qg4 Bf5 23. Qf3 Qh4 24. Qe2 f6 25. Nf3 Qe4 26. h3 g5 27. Nd2 Qb7
28. Qf3 Qg7 29. Qc6 Bf4 30. Bxf4 gxf4 31. Qc7 Rf7 32. Qxf4 Bxh3 33. Qf3 Bxg2
34. Qxg2 Rd8 35. Nf3 h6 36. Rc6 e5 37. Qxg7+ Rxg7+ 38. Kf1 e4 39. Ng1 Rg6 40.
Ne2 a5 41. Re6 Rd7 42. d5 a4 43. b4 Kf7 44. Rxe4 f5 45. Re5 Rf6 46. Rc1 f4 47.
Nd4 f3 48. Rc5 Rf4 49. Rf5+ Rxf5 50. Nxf5 Kg6 51. Nd4 Rf7 52. d6 Rf4 53. Rd5
Rh4 54. Ke1 Rh1+ 55. Kd2 Rf1 56. Ke3 Re1+ 57. Kxf3 Re8 58. d7 Rf8+ 59. Ke2 h5
60. d8=Q Rxd8 1-0

[Event "Bad Woerishofen op"]
[Site "?"]
[Date "2003.??.??"]
[Round "6"]
[White "Eichler, Gottfried"]
[Black "Hipp, Hermann"]
[Result "1/2-1/2"]
[WhiteElo "2112"]
[BlackElo "1864"]
[Annotator "ChessOrg"]
[PlyCount "59"]

1. e4 c6 2. d4 d5 3. exd5 cxd5 4. Bd3 Nc6 5. c3 Nf6 6. Bf4 e6 7. Nf3 Bd6 8.
Bxd6 Qxd6 9. O-O O-O 10. Re1 a6 11. Nbd2 b5 12. Ne5 Bb7 13. Ndf3 b4 14. Re3
bxc3 15. bxc3 g6 16. Ng5 Kg7 17. Qc2 Bc8 18. Rf3 h6 19. Nxc6 hxg5 20. Ne5 Nh5
21. Qd2 Nf4 22. g3 Nxd3 23. Qxd3 Ra7 24. Rb1 a5 25. Qe3 f6 26. Ng4 Qc7 27. Qd2
e5 28. h3 Bf5 29. Rb2 e4 30. Re3 1/2-1/2

[Event "Bad Woerishofen op"]
[Site "?"]
[Date "2003.??.??"]
[Round "6"]
[White "Belic, Robert"]
[Black "Gerhards, Walter"]
[Result "1-0"]
[WhiteElo "1986"]
[BlackElo "2140"]
[Annotator "ChessOrg"]
[PlyCount "133"]

1. e4 e6 2. d3 c5 3. Nf3 Nc6 4. g3 Bd6 5. c3 Bc7 6. Bg2 Nf6 7. Qe2 d6 8. O-O
O-O 9. h3 Bd7 10. Be3 Rc8 11. Nbd2 Re8 12. d4 b6 13. Rad1 Qe7 14. Rfe1 h6 15.
Qd3 Rcd8 16. Nf1 Qf8 17. N3d2 Nh7 18. f4 Ne7 19. Nf3 Bc6 20. N1d2 f5 21. Qc2
Nf6 22. e5 Ne4 23. Kh2 Qf7 24. dxc5 dxc5 25. Nh4 Nxd2 26. Rxd2 Rxd2 27. Qxd2
Rd8 28. Qe2 Qe8 29. Rd1 Bxg2 30. Nxg2 Nd5 31. c4 Ne7 32. Ne1 Nc6 33. Nf3 Kf7
34. g4 fxg4 35. hxg4 Rxd1 36. Qxd1 Qd8 37. Qd2 g6 38. Qxd8 Bxd8 39. a3 Na5 40.
Nd2 Be7 41. Kg3 Ke8 42. Kf3 Kd7 43. Ke4 a6 44. f5 gxf5+ 45. gxf5 exf5+ 46. Kxf5
h5 47. b4 cxb4 48. Bxb6 Nc6 49. axb4 Bxb4 50. Ne4 h4 51. Bf2 h3 52. e6+ Kc8 53.
Bg3 a5 54. c5 a4 55. Kf6 a3 56. Nd6+ Kd8 57. Nf7+ Ke8 58. Be5 Nxe5 59. Nd6+ Kd8
60. e7+ Kc7 61. e8=Q Nd7+ 62. Kf5 Bxc5 63. Nb5+ Kc6 64. Nc3 Bd6 65. Ke6 Kc5 66.
Qxd7 Kc4 67. Qxd6 1-0

[Event "Bad Woerishofen op"]
[Site "?"]
[Date "2003.??.??"]
[Round "6"]
[White "Flueckiger, Joerg"]
[Black "Schmidt, Andreas"]
[Result "1/2-1/2"]
[WhiteElo "2000"]
[BlackElo "2245"]
[Annotator "ChessOrg"]
[PlyCount "55"]

1. d4 d5 2. Nf3 Nf6 3. c4 c6 4. g3 dxc4 5. Bg2 Bg4 6. Nbd2 e6 7. O-O Bxf3 8.
Nxf3 Nbd7 9. Qc2 Be7 10. Qxc4 O-O 11. Rd1 Qa5 12. Bd2 Qd5 13. Qc2 Qe4 14. Qxe4
Nxe4 15. Be1 f5 16. e3 Ndf6 17. Nd2 Nxd2 18. Bxd2 Rfd8 19. Ba5 b6 20. Be1 Rac8
21. a3 Nd5 22. Rac1 Kf7 23. Rc2 c5 24. Rdc1 Rc7 25. dxc5 Rxc5 26. Rxc5 Bxc5 27.
b4 Bd6 28. Bd2 1/2-1/2

[Event "Bad Woerishofen op"]
[Site "?"]
[Date "2003.??.??"]
[Round "6"]
[White "Fahnenschmidt, Gerhard"]
[Black "Bienhuels, Michael"]
[Result "1-0"]
[WhiteElo "2220"]
[BlackElo "1912"]
[Annotator "ChessOrg"]
[PlyCount "23"]

1. d4 c5 2. d5 Nf6 3. Nc3 e6 4. e4 exd5 5. e5 Ne4 6. Nxd5 h6 7. Bd3 Ng5 8. Qh5
Be7 9. f4 Ne6 10. f5 Nd4 11. c3 Ndc6 12. Nf3 1-0

[Event "Bad Woerishofen op"]
[Site "?"]
[Date "2003.??.??"]
[Round "6"]
[White "Mittelsteiner, Horst"]
[Black "Santl, Anton"]
[Result "0-1"]
[WhiteElo "1997"]
[BlackElo "2180"]
[Annotator "ChessOrg"]
[PlyCount "58"]

1. e4 c5 2. Nf3 d6 3. d4 cxd4 4. Nxd4 Nf6 5. Nc3 a6 6. Be2 e5 7. Nb3 Be7 8. O-O
O-O 9. Kh1 b5 10. a4 b4 11. Nd5 Bb7 12. Nxf6+ Bxf6 13. f3 Be7 14. Bc4 Nd7 15.
a5 Rc8 16. Bd5 Bxd5 17. exd5 Rc4 18. Be3 Qc7 19. Rf2 Rc8 20. Rc1 f5 21. Re2 Nf6
22. Bb6 Qb7 23. Nd2 Rh4 24. g3 Rh5 25. Kg2 Nxd5 26. Bf2 g5 27. c4 bxc3 28. Nb3
g4 29. Re1 Bg5 0-1

[Event "Bad Woerishofen op"]
[Site "?"]
[Date "2003.??.??"]
[Round "6"]
[White "Baeuml, Ulrich"]
[Black "Steiger, Walfried"]
[Result "1-0"]
[WhiteElo "2176"]
[BlackElo "1960"]
[Annotator "ChessOrg"]
[PlyCount "83"]

1. c4 c5 2. Nf3 Nf6 3. g3 b6 4. Bg2 Bb7 5. O-O e6 6. Nc3 Be7 7. d4 cxd4 8. Qxd4
d6 9. Rd1 a6 10. Be3 Nbd7 11. Rac1 Rb8 12. Ng5 Bxg2 13. Kxg2 O-O 14. Nge4 Ne8
15. f3 f5 16. Nf2 Ne5 17. b3 Nf6 18. Qd2 Rb7 19. Nd3 Nxd3 20. Qxd3 Nd7 21. Nd5
Bg5 22. f4 Bh6 23. Nc3 d5 24. cxd5 e5 25. d6 Kh8 26. Nd5 g5 27. fxe5 Nxe5 28.
Qxa6 Rd7 29. Qxb6 Rxd6 30. Qxd8 Rfxd8 31. Nc3 Ng4 32. Bc5 R6d7 33. Rxd7 Rxd7
34. Rd1 Rxd1 35. Nxd1 Kg8 36. Ne3 Nxe3+ 37. Bxe3 f4 38. gxf4 gxf4 39. Bd4 Kf7
40. Kf3 Ke6 41. Ke4 Bf8 42. Be5 1-0

[Event "Bad Woerishofen op"]
[Site "?"]
[Date "2003.??.??"]
[Round "6"]
[White "Moehring, Norbert"]
[Black "Mader, Sascha"]
[Result "0-1"]
[WhiteElo "2166"]
[BlackElo "1900"]
[Annotator "ChessOrg"]
[PlyCount "22"]

1. b4 d5 2. Bb2 Nd7 3. e3 e5 4. b5 Ngf6 5. c4 Bd6 6. Qc2 O-O 7. Nf3 Re8 8. cxd5
Nxd5 9. Bc4 N7b6 10. Be2 Nb4 11. Qe4 f5 0-1

[Event "Bad Woerishofen op"]
[Site "?"]
[Date "2003.??.??"]
[Round "6"]
[White "Ring, Gregor"]
[Black "Hillenbrand, Alexander"]
[Result "0-1"]
[WhiteElo "1978"]
[BlackElo "2155"]
[Annotator "ChessOrg"]
[PlyCount "58"]

1. Nf3 Nf6 2. d4 c5 3. d5 d6 4. g3 g6 5. Bg2 Bg7 6. O-O O-O 7. Nc3 Nbd7 8. a4
Rb8 9. Re1 a6 10. e4 b5 11. a5 Ng4 12. h3 Nge5 13. Nd2 b4 14. Ncb1 c4 15. Qe2
Qc7 16. Kh2 c3 17. bxc3 bxc3 18. Nb3 Nc4 19. Bf1 Nd2 20. Na3 Nxb3 21. cxb3 Rxb3
22. Nc4 Rb5 23. Be3 Ne5 24. Nb6 Rb2 25. Qd1 c2 26. Qc1 Nf3+ 27. Kg2 Nxe1+ 28.
Qxe1 Rb3 29. Ra4 Rxe3 0-1